01118nam a2200133 4500008001000000020001800010082001500028100001600043245005200059260004200111300002800153505073700181650006600918708 H493n a9786076050422 a708bH493n aHenaro, Sol aNo grupo:bun zangoloteo al corsé artístico aMéxicobMuseo de Arte Modernoc2011 a200 p.billc26 x 20 cm tPresentaciónrOsvaldo SáncheztNo grupo. Un zangoloteo al corsé artísticorSol HenarotX Bienal de ParístPresencia-ambiente de Gunther GerzsotMontaje de momentos plásticostAtentado al hijo pródigot1 er Coloquio Latinoamericano de Arte No Objetual y Arte UrbanotAgenda Colombia 83tCaliente! Caliente! (mano a mano con Carlos Zerpa)tAfiches/carteles e intervenciones editorialestObjetos / documentostNo - grupo: una estrategia colaborativa del México de los sesentarDiálogo entre María Bustamante y Sol HenarotApéndice 1: textos del No-grupo (selección)tApéndice 2: Melquiades HerreratCartografíatBibliografía, Hemerografía, Mesografía, Archivos sonoros y visuales y Acervos consultados xarte contemporáneoxarte - exhibicionesxMéxicoxNo grupo